| 000 | 00000nam##2200000za#4500 |
| 001 | 9.692193 |
| 003 | CaOODSP |
| 005 | 20210624233116 |
| 007 | cr ||||||||||| |
| 008 | 150407|2009||||xxc|||||o f|0| 0 eng|d |
| 020 | |a978-1-100-12667-8 |
| 040 | |aCaOODSP|beng |
| 043 | |an-cn--- |
| 086 | 1 |aFs121-7/2008E-PDF |
| 110 | 1 |aCanada. |bDepartment of Fisheries and Oceans. |
| 245 | 14|aThe Capelin Observers Network 2008 activity report |h[electronic resource] |
| 260 | |aQuébec - Quebec : |bFisheries and Oceans Canada |cc2009. |
| 300 | |a14p.|bfigs., maps, tables, photographs |
| 590 | |a12-41-Supp|b2012-11-07 |
| 775 | 08|tRéseau des observateurs du capelan - bilan des activités 2008 |w(CaOODSP)9.636443 |
| 776 | 0#|tThe Capelin Observers Network 2008 activity report / |w(CaOODSP)9.651588 |
| 856 | 40|ahttp://publications.gc.ca|qPDF|s601 KB|uhttps://publications.gc.ca/collections/collection_2012/mpo-dfo/Fs121-7-2008-eng.pdf |